Mort subite-chanson de Michael Jackson - Statistiques

Statistiques générales
  • Ce quiz a été pris 82 fois
    27 depuis la dernière actualisation
  • Le résultat moyen est 9 sur 18
Answers on the Grid
Answers color-coded by a green-red scale on the quiz's grid according to % correct below.
The Way You Make Me Feel
Blood on the dance floor
Purple rain
I feel it coming
Billie Jean
Starboy
Timeless
Remember the time
Don't Matter to me
ABC
Bad
Rythm Nation
All night long
Beat it
Baby be mine
Kiss
Tabloide Junkie
Ghosts
Can t feel my face
Give in to me
Morphine
You Give Love a Bad Name
Rock Your Body
Speed demon
Heaven can wait
Our First Time
Stranger in Moscow
Whatever Happens
Fly as Me
All I Ask
Natalie
Baby Be Mine
 
Statistiques - réponses
Réponse % Correct
Beat it
95%
Billie Jean
95%
The Way You Make Me Feel
91%
Bad
82%
ABC
73%
Remember the time
64%
Stranger in Moscow
59%
Ghosts
50%
Blood on the dance floor
45%
Speed demon
45%
Baby Be Mine
41%
Heaven can wait
41%
Give in to me
32%
Baby be mine
27%
Don't Matter to me
27%
Morphine
23%
Tabloide Junkie
23%
Whatever Happens
18%
Aucun quiz correspondant
Distribution des résultats
% des personnes avec chaque résultat
Percentile par nombre de réponses
Votre historique - résultats
Vous n’avez pas pris ce quiz depuis la dernière actualisation